Simón Rodríguez, el maestro (Record no. 423401)

000 -CABECERA
Campo de control de longitud fija 00437nab a22001457 4500
003 - IDENTIFICADOR DEL NÚMERO DE CONTROL
Campo de control ES-SlBC
005 - FECHA Y HORA DE LA ÚLTIMA TRANSACCIÓN
Campo de control 20210327223942.0
008 - CÓDIGOS DE INFORMACIÓN DE LONGITUD FIJA
Campo de control de longitud fija 130710s2008 sp ||||| |||| 00| 0 spa d
040 ## - FUENTE DE LA CATALOGACIÓN
Centro catalogador del origen ES-SlBC
Lengua de catalogación spa
041 ## - CÓDIGO DE LENGUA
Código de lengua del texto/banda sonora o título independiente spa
100 1# - PUNTO DE ACCESO PRINCIPAL-NOMBRE DE PERSONA
Nombre de persona Santana M., Gustavo E.
9 (RLIN) 86734
245 10 - MENCIÓN DE TÍTULO
Título Simón Rodríguez, el maestro
Mención de responsabilidad, etc. Santana M. Gustavo
773 0# - ENLACE AL DOCUMENTO FUENTE
Parte(s) relacionada(s) Año 29, núm. 56/57, 2008/2010, págs. 119-140
Título Anthorpos
Número de control del registro relacionado Rev38
Número Internacional Normalizado para Publicaciones Seriadas (ISSN) 0254-1629
942 ## - ENTRADA DE ELEMENTOS AGREGADOS (KOHA)
Fuente de clasificaión o esquema
Koha [por defecto] tipo de item Artículos de revista
Holdings
Suprimido Perdido Fuente de clasificación o esquema Estropeado No para préstamo Localización permanente Localización actual Localización en estantería Fecha adquisición Préstamos totales Fecha última consulta Fecha del precio de reemplazo Tipo de item de Koha
          San Esteban San Esteban Depósito de revistas 10/07/2013   10/07/2013 10/07/2013 Artículos de revista

Bibliotecas Dominicos Provincia Hispania, 2016

Con tecnología Koha